000 00249nam a2200109Ia 4500
008 220204s9999 xx 000 0 und d
082 _a82-3
_bTUC
100 _aTucker, Wilson
245 0 _aIce and iron
260 _aLondon
_bArrow
_c1977
942 _cBK
999 _c26598
_d26598